header

Religion and the formation of Taiwanese identities (Record no. 85547)

MARC details
000 -LEADER
fixed length control field 01245nam a2200325Ia 4500
245 00 - TITLE STATEMENT
Title Religion and the formation of Taiwanese identities
250 ## - EDITION STATEMENT
Edition statement 1st ed.
260 ## - PUBLICATION, DISTRIBUTION, ETC. (IMPRINT)
Place of publication New York :
Name of publisher Palgrave Macmillan,
Year of publication 2003.
300 ## - PHYSICAL DESCRIPTION
Number of Pages 294 p.
650 #0 - SUBJECT ADDED ENTRY--TOPICAL TERM
Topical Term Religion and politics
Topical Term Nationalism
700 1# - ADDED ENTRY--PERSONAL NAME
Personal name Katz, Paul R.,
Personal name Rubinstein, Murray A.,
856 40 - ELECTRONIC LOCATION AND ACCESS
Uniform Resource Identifier http://site.ebrary.com/lib/rucke/Doc?id=10135541

No items available.

© 2026 Rongo University
Contact us: librarian | system librarian | Rongo university